ბათუმის შოთა რუსთაველის სახელმწიფო უნივერსიტეტის ბიბლიოთეკა

ნიადაგთმცოდნეობა. (ბიბ.ჩანაწერი № 35292)

000 -LEADER
fixed length control field 00655nam a2200205Ia 4500
001 - CONTROL NUMBER
control field 1142
003 - CONTROL NUMBER IDENTIFIER
control field GE_BSU
008 - FIXED-LENGTH DATA ELEMENTS--GENERAL INFORMATION
fixed length control field 181216s||||||||xx |||||||||||||| ||und||
040 ## - CATALOGING SOURCE
Transcribing agency GE_BSU
080 ## - UNIVERSAL DECIMAL CLASSIFICATION NUMBER
Universal Decimal Classification number 631.4(075.)
100 ## - MAIN ENTRY--PERSONAL NAME
Personal name საბაშვილი, მ.
245 ## - TITLE STATEMENT
Title ნიადაგთმცოდნეობა.
245 ## - TITLE STATEMENT
Remainder of title სახელმძღვანელო სტუდეტებისათვის
260 ## - PUBLICATION, DISTRIBUTION, ETC.
Place of publication, distribution, etc. თბილისი
260 ## - PUBLICATION, DISTRIBUTION, ETC.
Name of publisher, distributor, etc. თბილისის უნ–ტი
300 ## - PHYSICAL DESCRIPTION
Extent 1970 გვ.25 სმ.
653 ## - INDEX TERM--UNCONTROLLED
Uncontrolled term ნიადაგმცოდნეობა
942 ## - ADDED ENTRY ELEMENTS (KOHA)
Koha item type წიგნი
ეგზემპლარები
Withdrawn status Lost status Damaged status Not for loan Date acquired Barcode Date last seen Price effective from Koha item type
        2018-12-17 2735 2018-12-17 2018-12-17 წიგნი